00491nam a2200169Ia 4500008004100000041001200041082001200053100003000065245005500095365000700150520001400157546001200171630005500183650001400238655001400252730005500266101110s9999 xx 000 0 und d aENGLISH bSR22184 aPrabhu Garg, Prabhu Sathe aBasic Principles in Physical Chemistry - S.Y.B.Sc. b50 aChemistry aENGLISH aBasic Principles in Physical Chemistry - S.Y.B.Sc. aChemistry aChemistry aBasic Principles in Physical Chemistry - S.Y.B.Sc.